Chinese military modernisation / (Record no. 591667)

000 -LEADER
fixed length control field 01352cam a2200373 a 4500
001 - CONTROL NUMBER
control field 13401395
005 - DATE AND TIME OF LATEST TRANSACTION
control field 20221011114552.0
008 - FIXED-LENGTH DATA ELEMENTS--GENERAL INFORMATION
fixed length control field 031006s2003 ii b 001 0 eng
010 ## - LIBRARY OF CONGRESS CONTROL NUMBER
LC control number 2003333967
020 ## - INTERNATIONAL STANDARD BOOK NUMBER
International Standard Book Number 8170491592
025 ## - OVERSEAS ACQUISITION NUMBER
Overseas acquisition number I-E-2003-333967; 63-06
035 ## - SYSTEM CONTROL NUMBER
System control number (DLC) 2003333967
037 ## - SOURCE OF ACQUISITION
Source of stock number/acquisition Library of Congress -- New Delhi Overseas Office
Terms of availability Rs595.00 ($35.00 U.S.)
040 ## - CATALOGING SOURCE
Original cataloging agency DLC
Transcribing agency DLC
042 ## - AUTHENTICATION CODE
Authentication code lcode
043 ## - GEOGRAPHIC AREA CODE
Geographic area code a-cc---
050 00 - LIBRARY OF CONGRESS CALL NUMBER
Classification number UA835
Item number .K365 2003
082 ## - DEWEY DECIMAL CLASSIFICATION NUMBER
Classification number 355.033051
Author Mark KAP
100 1# - MAIN ENTRY--PERSONAL NAME
Personal name Kapur, C. K.
Fuller form of name (Chander K.)
9 (RLIN) 99821
245 10 - TITLE STATEMENT
Title Chinese military modernisation /
Statement of responsibility, etc. C.K. Kapur.
260 ## - PUBLICATION, DISTRIBUTION, ETC.
Place of publication, distribution, etc. New Delhi :
Name of publisher, distributor, etc. Manas Publications,
Date of publication, distribution, etc. 2003.
300 ## - PHYSICAL DESCRIPTION
Extent 251 p. ;
Dimensions 22 cm.
500 ## - GENERAL NOTE
General note "United Service Institution of India (USI), Field Marshal K.M. Cariappa Chair."
504 ## - BIBLIOGRAPHY, ETC. NOTE
Bibliography, etc. note Includes bibliographical references (p. [225]-227) and index.
651 #0 - SUBJECT ADDED ENTRY--GEOGRAPHIC NAME
Geographic name China
General subdivision Defenses.
9 (RLIN) 99822
651 #0 - SUBJECT ADDED ENTRY--GEOGRAPHIC NAME
Geographic name China
General subdivision Armed Forces.
9 (RLIN) 99773
651 #0 - SUBJECT ADDED ENTRY--GEOGRAPHIC NAME
Geographic name China
General subdivision Military policy.
9 (RLIN) 99774
651 #0 - SUBJECT ADDED ENTRY--GEOGRAPHIC NAME
Geographic name China
General subdivision Military relations
Geographic subdivision India.
9 (RLIN) 99823
651 #0 - SUBJECT ADDED ENTRY--GEOGRAPHIC NAME
Geographic name India
General subdivision Military relations
Geographic subdivision China.
9 (RLIN) 99824
710 2# - ADDED ENTRY--CORPORATE NAME
Corporate name or jurisdiction name as entry element United Service Institution of India.
Subordinate unit Field Marshal K.M. Cariappa Chair.
9 (RLIN) 99825
906 ## - LOCAL DATA ELEMENT F, LDF (RLIN)
a 7
b cbc
c origode
d 3
e ncip
f 20
g y-gencatlg
942 ## - ADDED ENTRY ELEMENTS (KOHA)
Source of classification or shelving scheme
Koha item type Book
Holdings
Withdrawn status Lost status Source of classification or shelving scheme Damaged status Not for loan Permanent Location Current Location Shelving location Date acquired Source of acquisition Total Checkouts Full call number Barcode Date last seen Date last checked out Price effective from Koha item type
          Central Library (CL) Central Library (CL) Chinese Studies 10/11/2022 Donated by China Embassy 1 355.033051 KAP CL-D-2038 01/02/2026 11/28/2025 10/11/2022 Book
© 2023 Central Library, National University of Sciences and Technology. All Rights Reserved.